| 000 | 01413cam a2200373 a 4500 | ||
|---|---|---|---|
| 001 | 8566816 | ||
| 003 | USPCAS-E | ||
| 005 | 20180118181422.0 | ||
| 006 | m d | ||
| 007 | cr n | ||
| 008 | 100420s2011 maua sb 001 0 eng d | ||
| 020 | _a9781856177269 | ||
| 020 | _a1856177262 | ||
| 035 | _a(WaSeSS)ssj0000416615 | ||
| 040 |
_aDLC _cDLC _dYDX _dYDXCP _dCDX _dBWX _dDLC _dWaSeSS |
||
| 043 | _an-us--- | ||
| 050 | 4 |
_aHD9685.U5 _bG755 2011 |
|
| 082 | 0 | 0 |
_a333.79 _222 _bGRE-E 2011 |
| 100 | 1 | _aGreer, Monica. | |
| 210 | 1 | 0 | _aElectricity cost modeling calculations |
| 245 | 1 | 0 |
_aElectricity cost modeling calculations _cMonica Greer. |
| 260 |
_aBurlington, MA : _bAcademic Press/Elsevier, _cc2011. |
||
| 502 | _a. | ||
| 504 | _aIncludes bibliographical references (p. 325-333) and index. | ||
| 506 | _aLicense restrictions may limit access. | ||
| 650 | 0 |
_aElectric utilities _zUnited States _xCosts _xMathematical models. |
|
| 650 | 0 |
_aElectric utilities _xRates _xEstimates _zUnited States. |
|
| 650 | 0 |
_aElectric power consumption _zUnited States _xForecasting _xMathematics. |
|
| 650 | 0 |
_aElectric power plants _xLoad _xMathematical models. |
|
| 773 | 0 | _teBook - Engineering 2010 [EBCE10] | |
| 856 | 4 | 0 |
_uhttp://www.columbia.edu/cgi-bin/cul/resolve?clio8566816 _zFull text available from eBook - Engineering 2010 [EBCE10] |
| 910 | _aLibrary of Congress record | ||
| 942 |
_2ddc _cBK |
||
| 999 |
_c356073 _d356073 |
||